000 00656nam a2200193Ia 4500
008 090123s9999 xx 000 0 und d
082 _b40910
100 _aगाला ध.रा.
245 _aउपवास करा आणि निरोगी रहा
250 _a0
260 _bगाला पब्लिकेशन
300 _a47
600 _aगाला ध.रा.
630 _aउपवास करा आणि निरोगी रहा
700 _aगाला ध.रा.
700 _aगाला धिरेन
730 _aउपवास करा आणि निरोगी रहा
942 _cBOOK
999 _c78985
_d78985